Serie A (Italien) Top 4 - Statistiken

Allgemein
  • Dieses Quiz wurde 1.563 mal gespielt
  • Das Durchschnittsergebnis liegt bei 13 aus 25
Antwortstatistiken
Antwort % Korrekt
AC Mailand
100%
Internazionale Mailand
100%
Juventus Turin
99%
SSC Neapel
98%
AS Roma
92%
S.S. Lazio Rom
92%
Atalanta Bergamo
83%
AC Florenz
77%
AC Torino
72%
CFC Genua 1893
63%
FC Bologna
61%
AC Parma Calcio
60%
Udinese Calcio
56%
Sampdoria Genua
49%
AC Venedig
47%
Cagliari Calcio
38%
Hellas Verona
38%
AC Chievo Verona
21%
AC Perugia
11%
AS Livorno
11%
FC Modena
11%
US Triestina
11%
Lanerossi Vicenza
6%
Ascoli Calcio 1898
5%
Padova Calcio
3%
Keine übereinstimmenden Quizze gefunden
Verteilung der Resultate
Anzahl Personen mit jedem Resultat
Perzentil nach korrekt beantworteten Fragen
Ihre Resultats-Entwicklung
Sie haben dieses Quiz noch nicht gespielt